01423cam a22003255a 4500001001000000003000400010005001700014008004100031020002500072040003600097082002300133245012600156260007400282300003300356490002900389500002600418504004100444650005800485650006200543650006200605650006100667651007100728653002000799700003500819700002700854700005000881942000800931999001700939952014100956016898361OSt20160522133051.0141014s2014 enka frb 001 0 eng d a9781138847613 (pbk.) aStDuBDSbengcStDuBDSdEG-ScBUE04222a303.60947bMEM00aMemory, conflict and new media :bweb wars in post-socialist states /cedited by Ellen Rutten, Julie Fedor, Vera Zvereva. aOxfordshire ;aNew York :bRoutledge / Taylor & Francis Group,c2014. axv, 265 p. :bill. ;c25 cm. aMedia, war and security. aIndex : p. [261]-265. aIncludes bibliographical references. 0aCollective memoryzFormer communist countries.2BUEsh 7aGroup identityzFormer communist countries.2BUEsh940047 7aPost-communismzFormer communist countries.2BUEsh940048 7aDigital mediazFormer communist countries.2BUEsh940049 7aFormer communist countriesxPolitics and government.2BUEsh940050 bBUSADMcMay20161 aRutten, Ellen,d1975-eeditor.1 aFedor, Julie,eeditor.1 aZvereva, V. V.q(Vera Vladimirovna),eeditor. 2ddc c21792d21764 00102ddc40708AlahramaMAINbMAINc1STd2016-05-22ePurchaseg360.00h2l0o303.60947 MEMp000032555r2025-07-15 00:00:00v450.00yBB